O Sol vermelho (Registo nº 6055)
[ vista simples ]
| 000 -Etiqueta do registo | |
|---|---|
| Valores | 00824cam a2200253 4500 |
| 010 ## - Número ISBN | |
| ISBN | 972481632X |
| 100 ## - Dados gerais de processamento | |
| Dados gerais | 20211231d1992 c||y0pory5003 ba |
| 200 1# - Titulo e menção de responsabilidade | |
| Título próprio | O Sol vermelho |
| Primeira menção de responsabilidade | contado por Bruno de La Salle |
| Outras menções de responsabilidade | trad. Maria Manuel Ortigão de Oliveira |
| -- | il. Gaetan Evrard, Nicole Thenen |
| 210 #9 - Publicação | |
| Local de publicação | Porto |
| Nome do editor | Lello & Irmão, |
| Data de publicação | imp. 1992 |
| 215 ## - Descrição física | |
| Paginação / Volumes | 27, [2] p. |
| Outras indicações físicas | il. |
| Dimensões | 25 cm |
| 225 2# - Colecção | |
| Título próprio da colecção | Contos de sempre |
| 606 ## - Nome comum usado como assunto | |
| ID Autoridade | 14 |
| Palavra de ordem | Literatura infantil |
| 606 ## - Nome comum usado como assunto | |
| ID Autoridade | 13 |
| Palavra de ordem | Literatura Estrangeira |
| 675 ## - CDU | |
| Notação | 82-93 |
| Edição | BN |
| Língua | por |
| 675 ## - CDU | |
| Notação | 821.1/.8 |
| Edição | BN |
| Língua | por |
| 700 ## - Autor principal (pessoa individual) | |
| Apelido | La Salle |
| Nome | Bruno de |
| ID Autoridade | 5741 |
| 702 ## - Autor secundário (pessoa individual) | |
| Apelido | Oliveira |
| Nome | Maria Manuel Ortigão de |
| ID Autoridade | 5154 |
| 702 ## - Autor secundário (pessoa individual) | |
| Apelido | Evrard |
| Nome | Gaetan |
| Datas | 1959- |
| ID Autoridade | 5757 |
| 702 ## - Autor secundário (pessoa individual) | |
| Apelido | Thenen |
| Nome | Nicole |
| ID Autoridade | 5758 |
| 801 #0 - Fonte de origem | |
| País | PT |
| Agência | BMVN |
| Regras de catalogação | RPC |
| 830 ## - Notas gerais do catalogador | |
| Criado por | Ana Caetano |
| Data de criação | 31/12/2021 |
| 990 ## - Elementos KOHA | |
| Tipo de documento | Livro |
| Situação do levantamento | Biblioteca de origem | Código de barras | Cota | Permissão de empréstimo | Tipo de documento | Forma de aquisição |
|---|---|---|---|---|---|---|
| Biblioteca Municipal de Vendas Novas | 100000000950 | LI EST/LA | Livro |